La investigación científica y el problema agrario / (Record no. 84865)

MARC details
000 -LEADER
campo de control de longitud fija 00878nam a2200193 i 4500
001 - NÚMERO DE CONTROL
campo de control 84865
003 - IDENTIFICADOR DE NÚMERO DE CONTROL
campo de control ES-MaACL
005 - FECHA Y HORA DE LA ÚLTIMA TRANSACCIÓN
campo de control 20230906175127.0
007 - CAMPO FIJO DE DESCRIPCIÓN FÍSICA--INFORMACIÓN GENERAL
campo de control de longitud fija t|
008 - DATOS DE LONGITUD FIJA--INFORMACIÓN GENERAL
campo de control de longitud fija 041124s1979 sp ||||1| spa d
111 2# - ENTRADA PRINCIPAL--NOMBRE DE CONGRESO/REUNIÓN
Nombre de congreso/reunión o jurisdicción como elemento de entrada Jornadas Internacionales de Organización Científica (
Fecha del congreso o de la firma del tratado 1976.
Sede del congreso/Lugar de la reunión Madrid)
9 (RLIN) 833
245 13 - MENCIÓN DEL TÍTULO
Título La investigación científica y el problema agrario /
Mención de responsabilidad, etc. Jornadas Internacionales de Organización Científica ; edición preparada por Valentín Hernando Fernández.
260 ## - PUBLICACIÓN, DISTRIBUCIÓN, ETC.
Lugar de publicación, distribución, etc. Madrid :
Nombre del editor, distribuidor, etc. Consejo Superior de Investigaciones Científicas,
Fecha de publicación, distribución, etc. 1979.
300 ## - DESCRIPCIÓN FÍSICA
Extensión 400 p. :
Otras características físicas il. ;
Dimensiones 27 cm.
500 ## - NOTA GENERAL
Nota general Precede al tít.: Asociación de Personal Investigador del C.S.I.C.
700 1# - ENTRADA AGREGADA--NOMBRE PERSONAL
Nombre de persona Hernando, Valentín.
9 (RLIN) 63095
710 2# - ENTRADA AGREGADA--NOMBRE DE ENTIDAD CORPORATIVA
Nombre de entidad corporativa o nombre de jurisdicción como elemento de entrada Asociación de Personal Investigador del Consejo Superior de Investigaciones Científicas.
9 (RLIN) 1625
852 ## - LOCALIZACIÓN
Ubicación ES-MaACL
Número de control de estantería L-491
Sublocalización o colección R.101314
Holdings
Estatus retirado Estado de pérdida Estado de daño No para préstamo Biblioteca de origen Biblioteca actual Ubicación en estantería Fecha de adquisición Fuente de adquisición Total de préstamos Signatura topográfica completa Código de barras Visto por última vez Precio de reemplazo Tipo de ítem Koha
        Biblioteca del Ateneo de Madrid Biblioteca del Ateneo de Madrid Depósito 2 17/01/2008     L-491 1088689 23/02/2023 23/02/2023 Libro impreso